[Event "AUTO-ADV-425"]
[Site "http://www.queenalice.com/game.php?id=176626"]
[Date "2007.3.3"]
[Round "1"]
[White "ragdoll"]
[Black "blingice"]
[Result "1-0"]
[WhiteElo "1819"]
[BlackElo "1727"]

1. e4 c5 2. Nf3 d6 3. Nc3 Nf6 4. d4 cxd4 5. Nxd4 Nc6 6. Nxc6 bxc6 7. Be2 g6 8.
O-O Bg7 9. Be3 O-O 10. Qd3 Bd7 11. Rad1 Be6 12. b3 c5 13. Qb5 Qb6 14. b4 Qxb5
15. Nxb5 Nd7 16. Bg5 Bf6 17. Nc7 Rac8 18. Nxe6 fxe6 19. Bh6 Bg7 20. Bxg7 Kxg7
21. Bb5 Rcd8 22. Rd3 Ne5 23. Rd2 cxb4 24. Rd4 a5 25. a3 Rb8 26. a4 Rfc8 27. f4
Nc6 28. Rc4 Na7 29. Ba6 Rc6 30. Rxc6 Nxc6 31. Rd1 1-0

[Event "AUTO-ADV-425"]
[Site "http://www.queenalice.com/game.php?id=176637"]
[Date "2007.3.3"]
[Round "1"]
[White "javierqz"]
[Black "ragdoll"]
[Result "1-0"]
[WhiteElo "1893"]
[BlackElo "1726"]

1. d4 Nf6 2. c4 e6 3. Nc3 Bb4 4. Qc2 d5 5. Bg5 dxc4 6. Nf3 O-O 7. e4 c6 8. e5 h6
9. h4 b5 10. exf6 hxg5 11. hxg5 gxf6 12. Qh7# 1-0

[Event "AUTO-ADV-425"]
[Site "http://www.queenalice.com/game.php?id=176638"]
[Date "2007.3.3"]
[Round "1"]
[White "ragdoll"]
[Black "javierqz"]
[Result "1-0"]
[WhiteElo "1742"]
[BlackElo "1966"]

1. d4 Nf6 2. Nf3 d5 3. Nc3 c5 4. dxc5 Nc6 5. a3 e5 6. Bg5 d4 7. Ne4 Be7 8. Bxf6
Bxf6 9. Nd6+ Kf8 10. Qd3 Be7 11. Nxc8 Rxc8 12. b4 g6 13. e4 dxe3 14. Qxe3 Kg7
15. Rd1 Qc7 16. Bc4 e4 17. Qxe4 Bxc5 18. O-O Rhe8 19. Qd3 Bb6 20. Bd5 Ne5 21.
Nxe5 Rxe5 22. c4 Qe7 23. c5 Bc7 24. Bxb7 Rd8 25. Qc3 Rxd1 26. Rxd1 Kg8 27. g3 h5
28. Qd3 h4 29. Qd7 hxg3 30. hxg3 Re1+ 31. Kg2 Kf8 32. Qc8+ 1-0

[Event "AUTO-ADV-425"]
[Site "http://www.queenalice.com/game.php?id=176645"]
[Date "2007.3.3"]
[Round "1"]
[White "ragdoll"]
[Black "wardo"]
[Result "1-0"]
[WhiteElo "1767"]
[BlackElo "1815"]

1. e4 e6 2. d4 d5 3. Nd2 c5 4. Ngf3 Nc6 5. c3 cxd4 6. cxd4 Bb4 7. e5 Nge7 8. a3
Ba5 9. Bd3 Bb6 10. Nb3 O-O 11. Ng5 g6 12. Be3 Bd7 13. Qd2 a5 14. Rc1 Rc8 15. Nc5
Bxc5 16. Rxc5 b6 17. Rc1 Nf5 18. O-O Nfxd4 19. Bxd4 Nxd4 20. Rxc8 Qxc8 21. Rc1
Qb8 22. Qe3 Nf5 23. Qh3 h5 24. f4 Nh6 25. g4 Nxg4 26. Be2 Nh6 27. Qh4 b5 28. Rc3
Qb6+ 29. Qf2 Qb8 30. Rh3 Nf5 31. Bxh5 Rc8 32. Bg4 d4 33. Bxf5 exf5 34. Qh4 Kf8
35. Qh8+ Ke7 36. Qf6+ 1-0

[Event "AUTO-ADV-425"]
[Site "http://www.queenalice.com/game.php?id=176646"]
[Date "2007.3.3"]
[Round "1"]
[White "wardo"]
[Black "ragdoll"]
[Result "0-1"]
[WhiteElo "1813"]
[BlackElo "1787"]

1. d4 Nf6 2. e3 d5 3. Bd3 Nc6 4. f4 Bg4 5. Nf3 Nb4 6. Bb5+ c6 7. Ba4 b5 8. Bb3
e6 9. O-O Be7 10. c3 Na6 11. Bc2 O-O 12. Nbd2 c5 13. h3 Bf5 14. Bxf5 exf5 15.
Ng5 c4 16. Qc2 Ne4 17. Ngf3 Qd6 18. b3 Rac8 19. b4 Ng3 20. Rf2 Nc7 21. Qd1 Ne4
22. Nxe4 dxe4 23. Nh2 Nd5 24. Qd2 Bh4 25. Rf1 Bg3 26. a4 a6 27. axb5 axb5 28.
Rd1 Bh4 29. Ra5 Qd7 30. Nf1 Bd8 31. Ra2 Rc6 32. Ng3 Rg6 33. Ne2 h5 34. Bb2 Bb6
35. Rda1 Qc8 36. Kh2 Rd8 37. Ra8 Qxa8 38. Rxa8 Rxa8 39. Ng3 Bc7 40. Nxf5 Rf6 41.
Nh4 Nxf4 42. Kg1 Nd3 43. g3 Bxg3 44. Ng2 Rf2 0-1

[Event "AUTO-OPEN-578"]
[Site "http://www.queenalice.com/game.php?id=176803"]
[Date "2007.3.4"]
[Round "1"]
[White "ricardosf"]
[Black "ragdoll"]
[Result "0-1"]
[WhiteElo "1356"]
[BlackElo "1727"]

1. c4 e6 2. Qb3 d5 3. cxd5 exd5 4. e3 Nf6 5. Bb5+ c6 6. Ba4 b5 7. Bxb5 cxb5 8.
Qxb5+ Bd7 9. Qb7 Nc6 10. Nc3 Nb4 11. Kd1 Rb8 12. Qxa7 Nd3 13. Nce2 Bc5 14. Qa5
Qxa5 15. Nc3 Nxf2+ 16. Ke2 Nxh1 17. e4 Bxg1 18. exd5 Qa6+ 19. d3 Bf5 20. Kf3
Qxd3+ 21. Be3 Qxe3# 0-1

[Event "AUTO-OPEN-578"]
[Site "http://www.queenalice.com/game.php?id=176804"]
[Date "2007.3.4"]
[Round "1"]
[White "ragdoll"]
[Black "ricardosf"]
[Result "1-0"]
[WhiteElo "1796"]
[BlackElo "1375"]

1. g3 d5 2. Bg2 Nf6 3. Nf3 Bg4 4. c4 dxc4 5. Ne5 Bf5 6. Bxb7 Nbd7 7. Bxa8 Nxe5
8. Qa4+ Ned7 9. Bc6 e6 10. Nc3 Bc5 11. Qxc4 Bxf2+ 12. Kxf2 Ng4+ 13. Ke1 Ne5 14.
Qa6 Nxc6 15. Qxc6 O-O 16. d4 e5 17. Qd5 exd4 18. Qxd4 c5 19. Qd5 Be6 20. Qb7 Ne5
21. Be3 Bc8 22. Qxa7 Ng4 23. Bxc5 Re8 24. Rd1 Bd7 25. Rxd7 Qc8 26. Rf1 Nxh2 27.
Rfxf7 h5 28. Rxg7+ Kh8 29. Rh7+ Kg8 30. Rdg7# 1-0

[Event "AUTO-OPEN-578"]
[Site "http://www.queenalice.com/game.php?id=176825"]
[Date "2007.3.4"]
[Round "1"]
[White "Delferrer"]
[Black "ragdoll"]
[Result "0-1"]
[WhiteElo "1574"]
[BlackElo "1717"]

1. e4 e5 2. Nf3 Qe7 3. d3 Nf6 4. Bg5 Qb4+ 5. Bd2 Qxb2 6. Nc3 Qb6 7. Be3 Qa5 8.
Bd2 Bb4 9. Nd5 Nxd5 10. exd5 Bxd2+ 11. Qxd2 Qxd5 12. Be2 O-O 13. O-O Re8 14. c4
Qc5 15. Rae1 Nc6 16. Bd1 d6 17. Bb3 Bg4 18. Re4 f5 19. d4 Nxd4 20. Re3 f4 21.
Ree1 Bxf3 22. Rc1 Ne2+ 23. Kh1 Qc6 24. c5+ Kh8 25. h3 Bxg2+ 26. Kh2 Qf3 27. Qxe2
Qxh3+ 28. Kg1 Qh1# 0-1

[Event "AUTO-OPEN-578"]
[Site "http://www.queenalice.com/game.php?id=176826"]
[Date "2007.3.4"]
[Round "1"]
[White "ragdoll"]
[Black "Delferrer"]
[Result "0-1"]
[WhiteElo "1798"]
[BlackElo "1585"]

1. e4 e5 2. d4 Nc6 3. d5 Na5 4. Bd2 b6 5. Nf3 d6 6. Bb5+ Bd7 7. Bxd7+ Qxd7 8.
O-O Be7 9. Nc3 Nf6 10. Qe2 h6 11. Nb5 a6 12. Na3 O-O 13. b4 Nb7 14. h3 Nh7 15.
Qd3 b5 16. c4 c6 17. Bc3 cxd5 18. exd5 Bf6 19. Rfe1 bxc4 20. Nxc4 Qb5 21. a4 Qe8
22. Nb6 Rb8 23. b5 Nc5 24. Qc2 Rxb6 25. Rab1 axb5 26. a5 Ra6 27. Qe2 Ng5 28.
Rxb5 Nxf3+ 29. gxf3 Nd7 30. Rb6 Nxb6 31. Qxa6 Na4 32. Bb4 Be7 33. Bxd6 Nc5 34.
Bxc5 Bxc5 35. Qc4 Bd4 36. a6 Qa8 37. f4 Rc8 38. Qa2 f6 39. Re2 Rc1+ 40. Kg2 Ra1
41. Qc4 Rxa6 42. Rc2 Rd6 43. Qc8+ Qxc8 44. Rxc8+ Kh7 45. fxe5 Bxe5 46. Rc5 g5
47. Kf3 f5 48. Ke3 Kg6 49. Rb5 Kh5 50. Kf3 Kh4 51. Kg2 g4 52. hxg4 fxg4 53. f3
h5 54. Rb4 Rxd5 0-1

[Event "AUTO-OPEN-578"]
[Site "http://www.queenalice.com/game.php?id=176837"]
[Date "2007.3.4"]
[Round "1"]
[White "vallef"]
[Black "ragdoll"]
[Result "0-1"]
[WhiteElo "1659"]
[BlackElo "1729"]

1. e4 d6 2. d4 e5 3. dxe5 dxe5 4. Nf3 Qxd1+ 5. Kxd1 Nc6 6. Bb5 Bd7 7. Bxc6 Bxc6
8. Nxe5 Bxe4 9. Re1 O-O-O+ 10. Bd2 f5 11. Nf7 Nh6 12. Nxd8 Kxd8 13. Bxh6 gxh6
14. Nc3 Bxg2 15. Ke2 Bc6 16. Rad1+ Bd6 17. a4 Re8+ 18. Kf1 Rxe1+ 19. Rxe1 Bxh2
20. b4 a6 21. b5 Bd7 22. bxa6 bxa6 23. Rd1 Bd6 24. Ke2 h5 25. Nd5 Bxa4 26. Rd2
h4 27. Kf3 h3 28. Rd1 Bxc2 29. Rg1 h2 30. Rg8+ Kd7 31. Rg7+ Kc6 32. Rxh7 Kxd5
33. Kg2 Be4+ 34. f3 Bd3 35. Kf2 Kd4 36. Rh4+ Kc3 37. Kg2 a5 38. Ra4 Bf1+ 39.
Kxf1 h1=Q+ 40. Ke2 Qh2+ 0-1

[Event "AUTO-OPEN-578"]
[Site "http://www.queenalice.com/game.php?id=176838"]
[Date "2007.3.4"]
[Round "1"]
[White "ragdoll"]
[Black "vallef"]
[Result "1-0"]
[WhiteElo "1785"]
[BlackElo "1654"]

1. e3 e5 2. d4 e4 3. c4 Nf6 4. Nc3 Bb4 5. a3 Bxc3+ 6. bxc3 d5 7. h3 O-O 8. cxd5
Nxd5 9. Ne2 Nc6 10. g4 Qh4 11. Qc2 Re8 12. Ng3 a6 13. Bg2 Qe7 14. Bxe4 Nf6 15.
Bf3 b5 16. Bxc6 Bd7 17. Nf5 Bxf5 18. Qxf5 g6 19. Qf4 Red8 20. Bxa8 Rxa8 21. a4
Nd5 22. Qg3 Nxc3 23. axb5 Nxb5 24. Bd2 Nxd4 25. Ra2 Rb8 26. f3 Rb1+ 27. Kf2 Rxh1
28. exd4 c5 29. Kg2 Rd1 30. Qe5 Qh4 31. dxc5 Rb1 32. Bc3 f6 33. Qe8+ Kg7 34.
Qe7+ Kg8 35. Rxa6 Rg1+ 36. Kxg1 Qg3+ 37. Kf1 Qxf3+ 38. Ke1 Qxc3+ 39. Kf2 Qc2+
40. Qe2 Qxc5+ 41. Qe3 Qc2+ 42. Kf3 Qd1+ 43. Kg3 Qd8 44. Qe6+ Kg7 45. Ra7+ Kh6
46. Qe3+ g5 47. h4 Qd6+ 48. Kg2 Qd5+ 49. Kf2 Qd6 50. hxg5+ fxg5 51. Qh3+ 1-0

[Event "Let's Play Chess!"]
[Site "http://www.queenalice.com/game.php?id=209480"]
[Date "2007.5.11"]
[Round "-"]
[White "ragdoll"]
[Black "ZZZZ"]
[Result "1-0"]
[WhiteElo "1805"]
[BlackElo "1670"]

1. d4 d5 2. Nf3 e6 3. Bf4 Bd6 4. e3 a6 5. Bxd6 cxd6 6. Bd3 Nh6 7. O-O O-O 8. Nc3
Nd7 9. e4 e5 10. Nxd5 exd4 11. Nxd4 a5 12. Nb5 Ne5 13. Nbc7 Rb8 14. Qd2 b6 15.
f4 Nxd3 16. cxd3 Bb7 17. Rac1 Bxd5 18. exd5 Rc8 19. Nb5 Rxc1 20. Rxc1 Qd7 21.
Rc6 Nf5 22. Rxb6 Ne7 23. Qxa5 Nxd5 24. Rxd6 Qc8 25. Rxd5 Qc1+ 26. Kf2 Qxf4+ 27.
Ke2 Re8+ 28. Kd1 Qf1+ 29. Kc2 Qxg2+ 30. Qd2 Qxd5 31. Nc3 Rc8 32. a3 h6 33. h3
Qh5 34. Qe3 Qa5 35. Qd4 g5 36. h4 h5 37. hxg5 Qxg5 38. b4 h4 39. b5 Qg2+ 40. Kb3
h3 41. Nd5 Rd8 42. Nf6+ Kg7 43. Qxd8 Qg6 44. Ng8 Qe6+ 45. Ka4 Qg4+ 46. Ka5 h2
47. Ne7 Kf6 48. Qd6+ Qe6 49. Ng8+ Kg7 50. Qxh2 Kxg8 51. Qg2+ Kf8 52. Qa8+ Kg7
53. d4 Qb3 54. a4 Qc3+ 55. Ka6 Qxd4 56. a5 Qc4 57. Qc6 Qd3 58. Ka7 f5 59. b6 f4
60. b7 Qd4+ 61. Ka6 Qd3+ 62. Kb6 Qd8+ 63. Qc7+ Qxc7+ 64. Kxc7 f3 65. b8=Q f2 66.
Qb2+ Kf7 67. Qxf2+ Ke6 68. a6 Kd5 69. a7 1-0

[Event "Let's Play Chess!"]
[Site "http://www.queenalice.com/game.php?id=209481"]
[Date "2007.5.11"]
[Round "-"]
[White "ZZZZ"]
[Black "ragdoll"]
[Result "0-1"]
[WhiteElo "1585"]
[BlackElo "1797"]

1. e4 e5 2. Qh5 g6 3. Qxe5+ Qe7 4. Qxh8 Nf6 5. Nc3 d5 6. d3 Be6 7. Bg5 Nbd7 8.
e5 Qb4 9. O-O-O Ng4 10. a3 Qb6 11. d4 Nxf2 12. Qxh7 Nxh1 13. Nh3 Rc8 14. Be2
Bxh3 15. gxh3 Nf2 16. Rf1 Qxd4 17. Qh4 Qxh4 18. Bxh4 d4 19. Rxf2 dxc3 20. bxc3
Bxa3+ 21. Kb1 Nxe5 22. Ka2 Bc5 23. Bb5+ c6 24. Re2 Bd6 25. Bg3 f6 26. Bd3 Kf7
27. h4 Nxd3 28. Bxd6 Nc1+ 29. Kb2 Nxe2 30. Bc5 b6 31. Bf2 c5 32. c4 Rd8 33. Be3
Rd1 34. c3 Rd3 35. Bf2 Rxc3 36. Be1 Rxc4 37. Kb3 b5 38. Ba5 Nd4+ 39. Kb2 b4 40.
Bc7 Rc2+ 41. Kb1 b3 42. Bb8 Ne2 43. Bxa7 Nc3+ 44. Ka1 Ra2# 0-1

[Event "AUTO-OPEN-578"]
[Site "http://www.queenalice.com/game.php?id=220296"]
[Date "2007.6.3"]
[Round "2"]
[White "ray"]
[Black "ragdoll"]
[Result "0-1"]
[WhiteElo "1639"]
[BlackElo "1847"]

1. c4 d6 2. Nc3 Nc6 3. g3 Bf5 4. d3 e6 5. Bg2 Nge7 6. Qb3 Qc8 7. Nf3 f6 8. O-O
h6 9. e4 Bh7 10. Ne2 e5 11. Nh4 g5 12. Nf3 Na5 13. Qa4+ Nec6 14. Nc3 b6 15. Nb5
Be7 16. b4 g4 17. Nh4 Nb7 18. Bxh6 Bf8 19. Bxf8 Kxf8 20. f4 Rg8 21. fxe5 Nxe5
22. Rxf6+ Ke7 23. Raf1 Rg5 24. Nd4 c5 25. bxc5 Nxc5 26. Qb5 Bg8 27. Nhf5+ Kxf6
28. Nxd6+ Kg6 29. Nxc8 Rxc8 30. Rf5 Ncxd3 31. Qd5 Bxd5 32. cxd5 Rc1+ 33. Bf1 Rc4
34. d6 Rxd4 35. Bxd3 Rxd3 36. Rf4 Nf3+ 37. Kf2 Rh5 38. Rxg4+ Kh6 39. Ke2 Rc3 40.
d7 Rxh2+ 41. Kd1 Rd2# 0-1

[Event "AUTO-OPEN-578"]
[Site "http://www.queenalice.com/game.php?id=220297"]
[Date "2007.6.3"]
[Round "2"]
[White "ragdoll"]
[Black "ray"]
[Result "1-0"]
[WhiteElo "1848"]
[BlackElo "1654"]

1. e3 c5 2. d4 cxd4 3. exd4 d5 4. Nf3 Nc6 5. Nc3 Nf6 6. Be2 g6 7. O-O Bg7 8. Bf4
O-O 9. Ne5 Bf5 10. Nxc6 bxc6 11. Qd2 Ne4 12. Nxe4 Bxe4 13. c3 e5 14. dxe5 Qh4
15. Bg5 Bh6 16. Bxh6 Rfe8 17. Bg5 Qxg5 18. Qxg5 Rab8 19. b3 Re6 20. Bg4 Ree8 21.
Rfe1 Rb7 22. Rad1 Rbe7 23. f3 Rxe5 24. Qf6 Bf5 25. Rxe5 Rxe5 26. Qxe5 Kf8 27.
Re1 Bxg4 28. Qh8# 1-0

[Event "AUTO-OPEN-578"]
[Site "http://www.queenalice.com/game.php?id=220302"]
[Date "2007.6.3"]
[Round "2"]
[White "Guilherme_Ottoni"]
[Black "ragdoll"]
[Result "1/2-1/2"]
[WhiteElo "1891"]
[BlackElo "1816"]

1. d4 e6 2. e4 d5 3. Nc3 Nf6 4. Bg5 dxe4 5. Nxe4 Be7 6. Bxf6 Bxf6 7. Nf3 O-O 8.
c3 Be7 9. Bd3 f5 10. Ned2 c5 11. Nc4 Nc6 12. dxc5 Bxc5 13. Qe2 b5 14. Nce5 Nxe5
15. Nxe5 Bb7 16. f3 a6 17. O-O-O Qg5+ 18. Kb1 Rfd8 19. Bc2 Bd5 20. h4 Qf4 21.
Nd3 Qe3 22. Rhe1 Qxe2 23. Rxe2 Bc4 24. b3 Bxd3 25. Bxd3 Kf7 26. Bc2 1/2-1/2

[Event "AUTO-OPEN-578"]
[Site "http://www.queenalice.com/game.php?id=220303"]
[Date "2007.6.3"]
[Round "2"]
[White "ragdoll"]
[Black "Guilherme_Ottoni"]
[Result "1-0"]
[WhiteElo "1831"]
[BlackElo "1861"]

1. e3 d5 2. d4 Nf6 3. Nf3 e6 4. Nbd2 c5 5. Be2 Nc6 6. O-O Bd6 7. dxc5 Bxc5 8. a3
Qc7 9. b4 Bd6 10. c4 O-O 11. Bb2 Ne5 12. c5 Nxf3+ 13. Nxf3 Be7 14. Be5 Qd8 15.
Bd3 Ng4 16. Qc2 g6 17. Bf4 Kg7 18. h3 Nh6 19. e4 dxe4 20. Bxe4 a5 21. c6 bxc6
22. Bxc6 Ra6 23. Rfd1 Qb6 24. b5 Ra7 25. a4 Bf6 26. Be3 Qb8 27. Bxa7 Qxa7 28.
Rab1 Bb7 29. b6 Qa8 30. Bxb7 Qxb7 31. Qd2 Ra8 32. Qd7 Rb8 33. Rb5 Bd8 34. Qxb7
1-0

[Event "AUTO-ADV-425"]
[Site "http://www.queenalice.com/game.php?id=274644"]
[Date "2007.9.20"]
[Round "2"]
[White "braseiko"]
[Black "ragdoll"]
[Result "0-1"]
[WhiteElo "1686"]
[BlackElo "1848"]

1. e4 e5 2. Nf3 d6 3. d4 f6 4. dxe5 fxe5 5. Bc4 h6 6. Nxe5 dxe5 7. Qh5+ Kd7 8.
O-O Qe8 9. Rd1+ Bd6 10. Qf3 Nf6 11. Nc3 c6 12. Be3 Kc7 13. a4 Bg4 14. Qg3 g5 15.
f3 Be6 16. Bb3 Nbd7 17. Rd2 Nc5 18. Bxc5 Bxc5+ 19. Kh1 Rd8 20. Qxe5+ Rd6 21.
Rxd6 Bxd6 22. Qxf6 Bd7 23. Rd1 Be5 0-1

[Event "AUTO-ADV-425"]
[Site "http://www.queenalice.com/game.php?id=274645"]
[Date "2007.9.20"]
[Round "2"]
[White "ragdoll"]
[Black "braseiko"]
[Result "1-0"]
[WhiteElo "1858"]
[BlackElo "1676"]

1. e4 d5 2. Bd3 e5 3. Nf3 Nc6 4. O-O Nf6 5. Nc3 Bg4 6. exd5 Nxd5 7. Nxd5 Qxd5 8.
Qe2 Bd6 9. a4 O-O 10. h3 Bxf3 11. Qxf3 Qxf3 12. gxf3 f5 13. b3 Nd4 14. Bc4+ Kh8
15. Ra2 Nxf3+ 16. Kh1 Rf6 17. Bd5 e4 18. Bxb7 Raf8 19. d3 Re6 20. dxe4 fxe4 21.
Be3 Rf5 22. Bc8 Ree5 23. Bxf5 Rxf5 24. Bxa7 1-0

[Event "AUTO-ADV-425"]
[Site "http://www.queenalice.com/game.php?id=274648"]
[Date "2007.9.20"]
[Round "2"]
[White "hartto"]
[Black "ragdoll"]
[Result "0-1"]
[WhiteElo "1860"]
[BlackElo "1859"]

1. e4 d5 2. exd5 Qxd5 3. Nc3 Qe5+ 4. Qe2 Nc6 5. Nf3 Bg4 6. Qxe5 Nxe5 7. Nxe5 Be6
8. Bb5+ c6 9. Nxc6 a6 10. Nxe7+ axb5 11. Nxg8 b4 12. Nb5 O-O-O 13. a4 Kb8 14.
O-O Rxg8 15. d3 g5 16. f4 Bc5+ 17. Kh1 b3 18. f5 Bc8 19. d4 Bxd4 20. cxb3 Bc5
21. f6 Rde8 22. Bd2 Re2 23. Rad1 Be6 24. b4 Bd5 25. bxc5 Bxg2+ 26. Kg1 Bxf1 27.
Kxf1 Rxh2 28. Nd6 g4 29. Nxf7 Rh1+ 30. Ke2 Re8+ 31. Be3 Rxd1 32. Kxd1 Rxe3 33.
Nd6 g3 34. f7 Rf3 35. Ke2 Rf4 0-1

[Event "AUTO-ADV-425"]
[Site "http://www.queenalice.com/game.php?id=274652"]
[Date "2007.9.20"]
[Round "2"]
[White "ragdoll"]
[Black "javierqz"]
[Result "0-1"]
[WhiteElo "1867"]
[BlackElo "2078"]

1. e4 d5 2. exd5 Qxd5 3. Nc3 Qd6 4. Nb5 Qb6 5. b4 a6 6. Na3 Qxb4 7. c3 Qe4+ 8.
Qe2 Qxe2+ 9. Bxe2 e5 10. d3 Bf5 11. Nf3 Nc6 12. Rb1 O-O-O 13. Ng5 Bg6 14. Nc4 h6
15. Bg4+ f5 16. Bxf5+ Bxf5 17. Nf7 Rxd3 18. Nxh8 Rxc3 19. Bb2 Rxc4 20. Rc1 Ra4
21. a3 Bxa3 22. Bxa3 Rxa3 23. f3 Nb4 24. Ke2 Nf6 25. h3 Ra2+ 26. Kf1 Nfd5 27.
Rh2 Ne3+ 28. Ke1 Nd3# 0-1

[Event "AUTO-ADV-425"]
[Site "http://www.queenalice.com/game.php?id=274653"]
[Date "2007.9.20"]
[Round "2"]
[White "javierqz"]
[Black "ragdoll"]
[Result "1-0"]
[WhiteElo "2071"]
[BlackElo "1855"]

1. e4 d5 2. exd5 Nf6 3. d4 Nxd5 4. c4 Nf6 5. Nf3 e6 6. Nc3 c6 7. Bd3 Bd6 8. Bg5
h6 9. Bh4 Na6 10. a3 Qe7 11. O-O g5 12. Bg3 Bxg3 13. fxg3 c5 14. d5 e5 15. Nxe5
Bg4 16. Nxg4 Nxg4 17. Qxg4 h5 18. Qf5 Nc7 19. Rae1 Ne6 20. dxe6 O-O-O 21. exf7+
Kb8 22. Rxe7 g4 23. f8=Q Rhxf8 24. Qxf8 a6 25. Qxd8+ 1-0

[Event "AUTO-OPEN-578"]
[Site "http://www.queenalice.com/game.php?id=305745"]
[Date "2007.11.17"]
[Round "3"]
[White "ragdoll"]
[Black "Rogerio"]
[Result "0-1"]
[WhiteElo "1875"]
[BlackElo "1996"]

1. e4 e5 2. Nf3 Nc6 3. Bb5 Nf6 4. d3 Bc5 5. Be3 Bxe3 6. fxe3 d6 7. Nc3 O-O 8.
Qe2 Ne7 9. O-O-O c6 10. Bc4 b5 11. Bb3 a5 12. d4 a4 13. Bxf7+ Rxf7 14. dxe5 Ne8
15. Ng5 Qc7 16. Nxf7 Kxf7 17. Rhf1+ Kg8 18. Qh5 Ng6 19. exd6 Nxd6 20. Nd5 Qa7
21. Nf4 Qxe3+ 22. Kb1 Nxf4 23. Rxd6 Bb7 0-1

[Event "AUTO-OPEN-578"]
[Site "http://www.queenalice.com/game.php?id=305746"]
[Date "2007.11.17"]
[Round "3"]
[White "Rogerio"]
[Black "ragdoll"]
[Result "1-0"]
[WhiteElo "2007"]
[BlackElo "1864"]

1. e4 e5 2. Nf3 Nc6 3. Bb5 a6 4. Ba4 Nf6 5. d3 b5 6. Bb3 Be7 7. O-O O-O 8. Re1
Bc5 9. c3 Ng4 10. d4 exd4 11. cxd4 Nxd4 12. Nxd4 Qf6 13. Be3 Re8 14. Qxg4 d5 15.
Qd1 Rxe4 16. Bxd5 Bg4 17. Qc1 Rc8 18. Bxe4 Bxd4 19. Bxd4 Qxd4 20. Bb7 c5 21.
Bxc8 Bd7 22. Bxd7 1-0